| 000 | 00533cam a2200181 a 4500 | ||
|---|---|---|---|
| 020 | _a0070387311 | ||
| 040 | _cDLC | ||
| 082 | 0 | 0 | _a708 HIL 2000 A087 Or. |
| 245 | 0 | 4 | _aThe McGraw-Hill museum-goer's guide / |
| 260 |
_aBoston : _bMcGraw-Hill, _cc2000. |
||
| 300 |
_a122 p. : _bill. ; _c21 cm. |
||
| 650 | 0 | _aArt museums | |
| 700 | 1 | _aWink, Richard. | |
| 700 | 1 | _aPhipps, Richard. | |
| 856 | 4 | 2 | _uhttp://www.loc.gov/catdir/description/mh023/99064485.html |
| 856 | 4 | 1 | _uhttp://www.loc.gov/catdir/toc/mh023/99064485.html |
| 942 | _cEK | ||
| 999 |
_c16063 _d16063 |
||